00717nai a2200169Ia 4500003000900000008004100009022002200050040001600072245007100088260008600159310001300245362003600258521006900294650004700363650004400410856009300454IN-BaIIA211028c9999 xx s 000 0 eng d a0099-4553 (Print) cIIA Library 0aIEEE Transactions on Industrial Electronics [May 1963]h[eJournal] aNew York, USAbThe Institute of Electrical and Electronics Engineers, Inc. (IEEE) aAnnually aIE-10(1); 1963 - IE-10(1); 1963 bSubscribed through National Knowledge Resource Consortium (NKRC) a Components, Circuits, Devices and Systems aPower, Energy and Industry Applications uhttps://ieeexplore.ieee.org/servlet/opac?punumber=5412874yClick Here to Access eJournal